Un héroe dominico montañés en Filipinas / (Record no. 79746)

MARC details
000 -LEADER
campo de control de longitud fija 00752nam a2200181 i 4500
001 - NÚMERO DE CONTROL
campo de control 79746
003 - IDENTIFICADOR DE NÚMERO DE CONTROL
campo de control ES-MaACL
005 - FECHA Y HORA DE LA ÚLTIMA TRANSACCIÓN
campo de control 20230906174037.0
007 - CAMPO FIJO DE DESCRIPCIÓN FÍSICA--INFORMACIÓN GENERAL
campo de control de longitud fija t|
008 - DATOS DE LONGITUD FIJA--INFORMACIÓN GENERAL
campo de control de longitud fija 041022s1951 sp ||||1| spa d
245 03 - MENCIÓN DEL TÍTULO
Título Un héroe dominico montañés en Filipinas /
Mención de responsabilidad, etc. documentos inéditos del siglo XVII, preparados, con introducción y notas por Honorio Muñoz.
260 ## - PUBLICACIÓN, DISTRIBUCIÓN, ETC.
Lugar de publicación, distribución, etc. Santander :
Nombre del editor, distribuidor, etc. Consejo Superior de Investigaciones Científicas, Centro de Estudios Montañeses :
-- Cantabria,
Fecha de publicación, distribución, etc. [1951]
300 ## - DESCRIPCIÓN FÍSICA
Extensión XVIII, 132 p., 4 lám. ;
Dimensiones 22 cm.
700 1# - ENTRADA AGREGADA--NOMBRE PERSONAL
Nombre de persona Muñoz, Honorio.
9 (RLIN) 84312
710 2# - ENTRADA AGREGADA--NOMBRE DE ENTIDAD CORPORATIVA
Nombre de entidad corporativa o nombre de jurisdicción como elemento de entrada Centro de Estudios Montañeses.
9 (RLIN) 2659
710 2# - ENTRADA AGREGADA--NOMBRE DE ENTIDAD CORPORATIVA
Nombre de entidad corporativa o nombre de jurisdicción como elemento de entrada Consejo Superior de Investigaciones Científicas (España)
9 (RLIN) 3236
852 ## - LOCALIZACIÓN
Ubicación ES-MaACL
Número de control de estantería D-8069
Sublocalización o colección R.31651
Holdings
Estatus retirado Estado de pérdida Estado de daño No para préstamo Biblioteca de origen Biblioteca actual Ubicación en estantería Fecha de adquisición Fuente de adquisición Total de préstamos Signatura topográfica completa Código de barras Visto por última vez Precio de reemplazo Tipo de ítem Koha
        Biblioteca del Ateneo de Madrid Biblioteca del Ateneo de Madrid Sala Valle Inclán 17/01/2008     D-8069 901083386 23/02/2023 23/02/2023 Libro impreso